[Event "13th Venice Autumn"]
[Site "Venice ITA"]
[Date "2007.11.01"]
[Round "1"]
[White "Kasparova,T"]
[Black "Paris,Gi"]
[Result "1-0"]
[WhiteElo "2181"]
[BlackElo "2055"]

1.e4 c5 2.Nf3 d6 3.Bb5+ Bd7 4.Bxd7+ Nxd7 5.O-O Ngf6 6.Re1 Qc7 7.Nc3 a6 8.a4 e6
9.d4 cxd4 10.Nxd4 Be7 11.f4 Rc8 12.Be3 O-O 13.Qf3 Nb6 14.Rad1 Nc4 15.Bc1 Qc5
16.Kh1 Qh5 17.Qxh5 Nxh5 18.Nde2 Rfd8 19.Rd3 Nf6 20.Red1 b5 21.axb5 axb5 22.Ng3 b4
23.Na4 d5 24.exd5 Nxd5 25.f5 Ne5 26.R3d2 Nf6 27.Rxd8+ Rxd8 28.Rxd8+ Bxd8
29.Bd2 Nd5 30.b3 Ba5 31.fxe6 fxe6 32.Nc5 Kf7 33.Nge4 h6 34.h3 Ke7 35.Kg1 Nd7
36.Nxd7 Kxd7 37.Kf2 Bb6+ 38.Ke2 Kc6 39.Kd3 Bd8 40.g4 Be7 41.Ng3 Kd7 42.Ne2 Bd6
43.Kc4 Nb6+ 44.Kd4 Nd5 45.Nc1 Kc6 46.Nd3 Kb5 47.Ke4 Nf6+ 48.Kf3 e5 49.Nf2 Nd5
50.Ke4 Ne7 51.Nd3 Nc6 52.c3 bxc3 53.Bxc3 Nd4 54.Bxd4 exd4 55.Kxd4 Be7 56.Kd5 Bf6
57.Ke6 Bc3 58.h4 Bd4 59.h5 Bc3 60.Nf4 Bd2 61.Kf5 Kb4 62.Ne6 Bc3 63.Kg6 Kxb3
64.Nxg7 Bd2 65.Nf5 Kc4 66.Nxh6 Kd5 67.Nf7  1-0

[Event "IV Festival"]
[Site "Figueira da Foz POR"]
[Date "2007.11.02"]
[Round "7"]
[White "Blalock,R"]
[Black "Hoffmann,Mi1"]
[Result "1/2-1/2"]
[WhiteElo "2204"]
[BlackElo "2471"]

1.e4 c5 2.Nf3 d6 3.Bb5+ Nd7 4.d4 Nf6 5.Nc3 cxd4 6.Qxd4 e5 7.Qd3 h6 8.O-O Be7
9.Rd1 a6 10.Bc4 b5 11.Bb3 Nc5 12.Qe2 Nxb3 13.axb3 Bd7 14.b4 O-O 15.Nh4 Qc8
16.h3 Rd8 17.Qf3 a5 18.Nf5 Bxf5 19.exf5 axb4 20.Rxa8 Qxa8 21.Qxa8 Rxa8 22.Nxb5 d5
23.Re1 Nd7 24.Bd2 Ra5 25.Nd4 Ra6 26.Nb3 Bd6 27.Ra1 Rc6 28.Ra8+ Kh7 29.Ra7 Nf6
30.Na1 Ne4 31.Be1 f6 32.Kf1 Bc5 33.Rb7 Nd6 34.Rb8 Nxf5 35.Bxb4 Bxb4 36.Rxb4 Ra6
37.Nb3 Ra2 38.Nc5 Nd4 39.g4 Nxc2 40.Rb7 Nd4 41.h4 h5 42.Nd7 Ra6 43.g5 fxg5
44.hxg5 Ne6 45.Nxe5 Nxg5 46.Kg2 Ne6 47.Kg3 Ra4 48.Re7 h4+ 49.Kh2 Nf4 50.Nf3 Ng6
51.Rd7 Rf4 52.Kg2 Rf5 53.Nd4 Nf4+ 54.Kh2 Rg5 55.Kh1 Nd3 56.Ne6 Nxf2+ 57.Kh2 Rg3
58.Rxd5 Ng4+ 59.Kh1 Nf2+ 60.Kh2 Kh6 61.Nf4 g5 62.Rd6+ Kh7 63.Rd7+ Kg8 64.Nh5 Ng4+
65.Kh1 Nf2+ 66.Kh2 Ng4+ 67.Kh1 Nf2+  1/2-1/2

[Event "TCh-BEL 2007-8"]
[Site "Belgium BEL"]
[Date "2007.11.04"]
[Round "3"]
[White "Peleman,T"]
[Black "Foerster,S"]
[Result "1-0"]
[WhiteElo "2080"]
[BlackElo "1914"]

1.e4 c5 2.Nf3 d6 3.Bb5+ Bd7 4.Bxd7+ Qxd7 5.O-O Nc6 6.c3 Nf6 7.Re1 g6 8.d4 Bg7
9.d5 Ne5 10.Nxe5 dxe5 11.Bg5 O-O 12.c4 Ne8 13.Nc3 Nd6 14.Qd3 a6 15.b3 b5
16.Be3 Rac8 17.a4 b4 18.Nd1 f5 19.f3 h5 20.Bc1 Kh7 21.Nf2 f4 22.Qd2 g5 23.Bb2 Nf7
24.Rad1 Qd6 25.Kf1 Qg6 26.Nd3 g4 27.Qf2 Bf6 28.Ke2 Rg8 29.Rg1 Nd6 30.Nxc5 g3
31.hxg3 fxg3 32.Qe3 Bg5 33.Qd3 Rxc5 34.Bxe5 Bf6 35.Bf4 Nf7 36.Qe3 Rgc8 37.Rh1 Be5
38.Rh3 Bxf4 39.Qxf4 Nd6 40.Rdh1 Qf6  1-0

[Event "ETCC w"]
[Site "Crete GRE"]
[Date "2007.11.04"]
[Round "7"]
[White "Neric,J"]
[Black "Trujillo Delgado,D"]
[Result "0-1"]
[WhiteElo "1861"]
[BlackElo "2243"]

1.e4 c5 2.Nf3 d6 3.Bb5+ Nd7 4.d4 Nf6 5.Nc3 a6 6.Bxd7+ Nxd7 7.O-O cxd4 8.Qxd4 e6
9.Bg5 Qc7 10.Rfe1 f6 11.Be3 Ne5 12.Nxe5 dxe5 13.Qb6 Qxb6 14.Bxb6 Bd7 15.Be3 Bb4
16.Bd2 Be7 17.Nd1 Bc6 18.Bc3 Bc5 19.a3 Kf7 20.Kh1 Rhd8 21.f3 Rd7 22.Ne3 Rad8
23.Rad1 Ba4 24.b3 Bc6 25.a4 b5 26.axb5 axb5 27.h3 b4 28.Ba1 Bxe3 29.Rxd7+ Rxd7
30.Kh2 Bf4+ 31.Kg1 Bb5 32.c4 Bc6 33.Rb1 f5 34.exf5 exf5 35.Re1 Bg3 36.Rb1 e4
37.fxe4 Bxe4  0-1

[Event "13th Venice Autumn"]
[Site "Venice ITA"]
[Date "2007.11.04"]
[Round "6"]
[White "Navarro,St"]
[Black "Xia,J"]
[Result "1-0"]
[WhiteElo "2258"]
[BlackElo "2220"]

1.e4 c5 2.Nf3 d6 3.Bb5+ Nc6 4.d4 cxd4 5.Nxd4 Bd7 6.c4 a6 7.Nxc6 bxc6 8.Ba4 Nf6
9.Nc3 Qa5 10.O-O e6 11.Bd2 Qe5 12.Qe2 Be7 13.Kh1 g5 14.Rad1 g4 15.f4 gxf3
16.Rxf3 Ng4 17.Bf4 Qc5 18.Rdf1 f6 19.Bb3 Ne5 20.Na4 Qa5 21.Rh3 Ng6 22.Be3 c5
23.Bd2 Qc7 24.Bc2 Bc6 25.b4 cxb4 26.Bxb4 Rb8 27.Bc3 e5 28.Bd2 Bd7 29.Rg3 Be6
30.Bb3 Qc8 31.Nc3 O-O 32.Qh5 Rf7 33.Nd5 Bxd5 34.cxd5 Bf8 35.Qe2 Kh8 36.Rc3 Qb7
37.Rc6 a5 38.Bxa5 Nf4 39.Qc4 Qd7 40.Bd1 Rb1 41.Rc7 Qe8 42.Rxf7 Qxf7 43.g3 Qa7
44.Qc2 Qa6 45.Rg1 Rb8 46.Bc7 Nh3 47.Bxb8 Nxg1 48.Qf2 Qd3 49.Bc2 Qb5 50.Qxf6+ Kg8
51.Qe6+ Kg7 52.Qg4+ Kh8 53.Kxg1 Qxb8 54.Qe2 Qa7+ 55.Qf2 Qb8 56.Kg2 Bg7 57.Bd1 Qb4
58.Qc2 Bf8 59.Bg4 Bh6 60.Qc8+  1-0

[Event "ETCC"]
[Site "Crete GRE"]
[Date "2007.11.05"]
[Round "8"]
[White "Liiva,R"]
[Black "Sedlak,N"]
[Result "1-0"]
[WhiteElo "2442"]
[BlackElo "2605"]

1.e4 c5 2.Nf3 d6 3.Bb5+ Bd7 4.Bxd7+ Nxd7 5.O-O Ngf6 6.Qe2 e6 7.b3 Be7 8.Bb2 O-O
9.c4 a6 10.d4 cxd4 11.Nxd4 Qa5 12.Nc3 Qh5 13.Qxh5 Nxh5 14.Rad1 Nc5 15.f4 Rfe8
16.g3 Rad8 17.Kg2 g6 18.Rfe1 Bf8 19.Nf3 b6 20.Rd2 Bg7 21.Nd1 Bh6 22.Nf2 b5
23.cxb5 axb5 24.Nd4 Ra8 25.b4 Nb7 26.a3 e5 27.Nxb5 exf4 28.Rd5 fxg3 29.hxg3 Rec8
30.Re2 Bg7 31.Bxg7 Kxg7 32.Ra2 Rc4 33.Rd4 Rc6 34.a4 Nf6 35.a5 h5 36.Rdd2 Rc4
37.Rd4 Rc6 38.Rdd2 Rc4 39.Rdb2 Ra6 40.Na3 Rc3 41.Nb1 Rc4 42.Ra3 d5 43.e5 Nd7
44.Nd3 d4 45.Rab3 g5 46.Na3 Rc8 47.Rc2 Rb8 48.Rbb2 h4 49.Rc7 Nf8 50.Rf2 Nd8
51.Nc4 hxg3 52.Kxg3 Nde6 53.Rcxf7+ Kg8 54.Nd6 Rc6 55.b5 Rc3 56.R2f3 Ng6 57.a6 g4
58.a7 Ra8 59.b6 Rb3 60.Rb7 gxf3 61.Rb8+ Kh7 62.Rxa8  1-0

[Event "Open"]
[Site "Villa de Navalmoral ESP"]
[Date "2007.11.08"]
[Round "7"]
[White "Sande Edreira,J"]
[Black "Carlsson,P"]
[Result "1-0"]
[WhiteElo "2342"]
[BlackElo "2481"]

1.e4 c5 2.Nf3 d6 3.Bb5+ Bd7 4.Bxd7+ Qxd7 5.O-O Nc6 6.Qe2 Nf6 7.Rd1 Rc8 8.b3 g6
9.Bb2 Bg7 10.d4 cxd4 11.Nxd4 Nh5 12.g3 Qh3 13.c4 O-O 14.Nxc6 bxc6 15.Nc3 f5
16.exf5 Qxf5 17.Rd2 Qf7 18.Re1 Rce8 19.c5 d5 20.Qe6 Qxe6 21.Rxe6 Rf6 22.Rde2 Kf7
23.Rxf6+ Bxf6 24.f4 Bd4+ 25.Kf1 Bxc5 26.Na4 Bb6 27.Ba3 Nf6 28.Rc2 Rc8 29.Bc5 Nd7
30.b4 Bxc5 31.Nxc5 Nxc5 32.Rxc5 Ke6 33.a3 Kd6 34.Ra5 Ra8 35.Ke2 e5 36.fxe5+ Kxe5
37.Ra6 Kd6 38.b5 Kc5 39.Rxc6+ Kxb5 40.Rc7 h5 41.Rb7+ Kc4 42.h4 Re8+ 43.Kd2 Re6  1-0

[Event "4NCL"]
[Site "Birmingham ENG"]
[Date "2007.11.10"]
[Round "3"]
[White "Briscoe,C"]
[Black "Duncan,C"]
[Result "1/2-1/2"]
[WhiteElo "2273"]
[BlackElo "2288"]

1.e4 c5 2.Nf3 d6 3.Bb5+ Bd7 4.Bxd7+ Qxd7 5.O-O Nc6 6.c3 Nf6 7.d4 cxd4 8.cxd4 d5
9.e5 Ng8 10.a3 e6 11.b4 a5 12.b5 Na7 13.a4 Nc8 14.Nbd2 Nb6 15.Nb3 Nc4 16.Nfd2 Rc8
17.Ra2 Nh6 18.Rc2 Bb4 19.Nxc4 dxc4 20.Bxh6 gxh6 21.Qc1 Qd5 22.Qxh6 Rg8 23.g3 Rg6
24.Qe3 h5 25.Nd2 Rg4 26.f4 Bxd2 27.Rxd2 h4 28.Qf3 Rg8 29.f5 hxg3 30.hxg3 c3
31.Rd3 Qxf3 32.Rdxf3 c2 33.fxe6 fxe6 34.Rc1 Rg4 35.Rd3 Rc4 36.Kf2 Rgxd4 37.Rxd4 Rxd4
38.Rxc2 Rxa4 39.Rc7 Re4 40.Rxb7 Rxe5 41.Kf3 a4 42.g4 a3 43.Kf4 a2 44.Ra7 Rxb5
45.Rxa2 Kf7 46.Re2 Kf6 47.g5+ Rxg5 48.Rxe6+ Kxe6 49.Kxg5  1/2-1/2

[Event "4NCL"]
[Site "Birmingham ENG"]
[Date "2007.11.10"]
[Round "3"]
[White "Houska,Jo"]
[Black "Pert,R"]
[Result "1/2-1/2"]
[WhiteElo "2404"]
[BlackElo "2455"]

1.e4 c5 2.Nf3 d6 3.Bb5+ Nd7 4.d4 Nf6 5.O-O cxd4 6.Qxd4 g6 7.e5 dxe5 8.Qxe5 Bg7
9.Re1 e6 10.Qd6 a6 11.Bf1 Bf8 12.Qf4 Bg7 13.Qd6 Bf8 14.Qf4 Bg7 15.Qd6 Bf8  1/2-1/2

[Event "ch-IND w"]
[Site "Pune IND"]
[Date "2007.11.10"]
[Round "6"]
[White "Gomes,Ma"]
[Black "Meera,S"]
[Result "1-0"]
[WhiteElo "2262"]
[BlackElo "2205"]

1.e4 c5 2.Nf3 d6 3.Bb5+ Nd7 4.d4 Nf6 5.Nc3 cxd4 6.Qxd4 e5 7.Qd3 h6 8.O-O Be7
9.Be3 O-O 10.a4 Qc7 11.Bc4 Nc5 12.Nb5 Qc6 13.Bxc5 Qxc5 14.Rab1 Nh5 15.Bd5 Nf4
16.Qc4 Nxd5 17.Qxc5 dxc5 18.exd5 Bf5 19.Rbc1 e4 20.Ne5 Bg5 21.Rce1 Rad8 22.Nc4 Rxd5
23.Nbd6 Bg6 24.Nxb7 Rb8 25.Nbd6 Bf4 26.Nb5 a6 27.Nc3 Rd4 28.b3 Bg5 29.Re2 Bf6
30.Ne3 Bh5 31.g4 Bg6 32.Ned5 Bg5 33.f4 exf3 34.Rxf3 Rxg4+ 35.Rg3 Rxg3+ 36.hxg3 Rd8
37.Nc7 Bf6 38.Ne4 Bd4+ 39.Kg2 a5 40.Nb5 f5 41.Ned6 Bf6 42.Nb7 Ra8 43.Nxc5 Kh7
44.Nd7 Bg5 45.c4 Be8 46.Ne5 Bxb5 47.axb5 Bf6 48.Nd7 Bc3 49.b6 Rd8 50.b7  1-0

[Event "SPICE Cup"]
[Site "Lubbock USA"]
[Date "2007.11.15"]
[Round "8"]
[White "Becerra Rivero,J"]
[Black "Krush,I"]
[Result "1/2-1/2"]
[WhiteElo "2568"]
[BlackElo "2475"]

1.e4 c5 2.Nf3 d6 3.Bb5+ Bd7 4.a4 Nc6 5.O-O a6 6.Bxc6 Bxc6 7.Re1 e6 8.d3 Nf6
9.Nbd2 b5 10.d4 cxd4 11.Nxd4 Bd7 12.axb5 axb5 13.Rxa8 Qxa8 14.Qe2 Qb8 15.Nf1 Be7
16.Ng3 O-O 17.Bd2 b4 18.Qc4 d5 19.exd5 Nxd5 20.Ndf5 exf5 21.Qxd5 Be6 22.Qf3 Rd8
23.Bf4 Qa8 24.Qe3 Bf6 25.Nh5 Bd4 26.Qg3 g6 27.Bg5 Rc8 28.Nf6+ Bxf6 29.Bxf6 Rxc2
30.h3 Qf8 31.Bd4 Rc6 32.Ra1 f6 33.Ra7 Bf7 34.Rb7 Kg7 35.Qf4 Qd6 36.Qxd6 Rxd6
37.Rxb4 f4 38.Kf1 g5 39.Ke2 Bd5 40.f3 h5 41.Kd3 Kg6 42.Bc5 Re6 43.Kd4 Ba2
44.Ra4 Bb3 45.Ra3 Bd1 46.Ra1 Bb3 47.Kc3 Bd5 48.Rd1 Bc6 49.b4 Bb5 50.Ra1 g4
51.hxg4 hxg4 52.fxg4 Kg5 53.Ra8 Kxg4 54.Rb8 Bf1 55.b5 Kf5 56.b6 Bxg2 57.Rd8 Bc6
58.Rd6  1/2-1/2

[Event "WYb14"]
[Site "Kemer TUR"]
[Date "2007.11.18"]
[Round "1"]
[White "Petrovski,I"]
[Black "Javakhadze,Z"]
[Result "0-1"]
[WhiteElo "1807"]
[BlackElo "2167"]

1.e4 c5 2.Nf3 d6 3.Bb5+ Bd7 4.Bxd7+ Qxd7 5.O-O Nc6 6.c3 Nf6 7.Re1 e6 8.d4 cxd4
9.cxd4 d5 10.e5 Ne4 11.Nbd2 Nxd2 12.Bxd2 Be7 13.Bg5 O-O 14.Bxe7 Qxe7 15.a3 Rac8
16.b4 a6 17.Qd3 Na7 18.Rec1 h6 19.Rc5 Qd7 20.a4 Rc6 21.Nd2 Rfc8 22.Nb3 b6
23.Rxc6 Qxc6 24.Qxa6 Qc3 25.Rb1 Qxb4 26.h3 Rc7 27.a5 bxa5 28.Qxa5 Rb7 29.Qa2 Qc4
30.Qa1 Qd3 31.Rb2 Qc3 32.Qa2 g6 33.Qa6 Qc6 34.Qa5 Qb6 35.Qc3 Qb4 36.Qc2 Kg7
37.Rb1 Qc4 38.Qd1 Nc6 39.Qf3 Nxd4 40.Qf6+ Kh7 41.Ra1 Ne2+ 42.Kh2 Qf4+ 43.Qxf4 Nxf4
44.Nd4 Nd3 45.f4 Nxf4 46.Rf1 Nd3 47.Nc6 Rc7 48.Rf3 Rxc6 49.Rxd3 Rc4 50.Re3 g5
51.g4 Kg7 52.Kg2 Re4 53.Rxe4 dxe4 54.Kf2 f6 55.Ke3 fxe5 56.Kxe4 Kf6 57.Ke3 Ke7
58.Kd3 Kd7 59.Ke3 Kc6  0-1

[Event "WYb18"]
[Site "Kemer TUR"]
[Date "2007.11.19"]
[Round "2"]
[White "Toufighi,H"]
[Black "Stojic,D"]
[Result "1/2-1/2"]
[WhiteElo "2385"]
[BlackElo "2193"]

1.e4 c5 2.Nf3 d6 3.Bb5+ Bd7 4.Bxd7+ Qxd7 5.O-O Nf6 6.Re1 Nc6 7.c3 g6 8.d4 cxd4
9.cxd4 d5 10.e5 Ne4 11.Nc3 Nxc3 12.bxc3 Bg7 13.Bf4 O-O 14.Qd2 Na5 15.Bh6 f6
16.Bxg7 Kxg7 17.Qf4 Rac8 18.Rac1 Nc4 19.Qg3 Rc6 20.Re2 f5 21.Qf4 h6 22.h4 e6
23.Rd1 Na3 24.Rd3 Qe7 25.Nh2 Nb5 26.Ree3 Rfc8 27.Qg3 h5 28.Nf1 Qc7 29.Qg5 Qd8
30.Qg3 Nxc3 31.Rxc3 f4 32.Qh3 fxe3 33.Rxe3 Qe7 34.g4 hxg4 35.Qxg4 Rc3 36.Rxc3 Rxc3
37.Ng3 Kh7 38.h5 Qf7 39.hxg6+ Qxg6 40.Qh4+ Kg8 41.Qd8+ Kg7 42.Qe7+ Qf7 43.Qg5+  1/2-1/2

[Event "WYb14"]
[Site "Kemer TUR"]
[Date "2007.11.19"]
[Round "2"]
[White "Amanbaev,I"]
[Black "Arribas Lopez,A"]
[Result "1/2-1/2"]
[WhiteElo "2002"]
[BlackElo "2312"]

1.e4 c5 2.Nf3 d6 3.Bb5+ Nc6 4.O-O Bd7 5.c3 Nf6 6.d4 Nxe4 7.d5 Ne5 8.Bxd7+ Nxd7
9.Re1 Nef6 10.Bg5 h6 11.Bh4 Qc7 12.Na3 a6 13.b4 g5 14.Bg3 Nb6 15.Rb1 cxb4
16.cxb4 Nbxd5 17.Rc1 Qd7 18.Nc4 e6 19.h4 g4 20.Nfd2 Rd8 21.Ne4 Nxe4 22.Rxe4 Nf6
23.Rd4 Nd5 24.Qxg4 b5 25.Rxd5 bxc4 26.Rd2 Be7 27.Qg7 Rf8 28.Rxc4 Qb5 29.Rdc2 d5
30.Rc8 Qxb4 31.Rxd8+ Bxd8 32.Rc8 d4 33.Rb8 Qc5 34.Qxh6 d3 35.Qd2 Qc4 36.Rb3 Bxh4
37.Bxh4 Qxh4 38.Qxd3 Qd8 39.Qxa6 Qd1+ 40.Qf1 Qxf1+ 41.Kxf1 Kd7 42.Ke2 Ra8
43.Rb2 Ra7  1/2-1/2

[Event "WYg18"]
[Site "Kemer TUR"]
[Date "2007.11.20"]
[Round "3"]
[White "Vladimirova,M"]
[Black "Zhorzholiani,M"]
[Result "0-1"]
[WhiteElo "2003"]
[BlackElo "2110"]

1.e4 c5 2.Nf3 d6 3.Bb5+ Bd7 4.Bxd7+ Qxd7 5.O-O Nc6 6.Qe2 Nf6 7.Rd1 e5 8.c3 Qg4
9.d3 Be7 10.h3 Qe6 11.a4 h6 12.Nbd2 O-O-O 13.b4 g5 14.d4 exd4 15.b5 d3 16.Qxd3 Ne5
17.Nxe5 dxe5 18.Qe2 g4 19.h4 g3 20.Ba3 gxf2+ 21.Kh1 Rhg8 22.Nf3 Rxd1+ 23.Rxd1 Qb3
24.Bc1 Nxe4 25.Qd3 Rd8 26.Nd4 Rxd4 27.Qh3+ Kc7 28.Rf1 Ng3+  0-1

[Event "WYg16"]
[Site "Kemer TUR"]
[Date "2007.11.21"]
[Round "4"]
[White "Parmar,A"]
[Black "Kaya,Sen"]
[Result "1-0"]
[WhiteElo "2007"]
[BlackElo "1520"]

1.e4 c5 2.Nf3 d6 3.Bb5+ Bd7 4.Bxd7+ Nxd7 5.O-O Ngf6 6.Qe2 e6 7.b3 Be7 8.Bb2 O-O
9.c4 Ng4 10.d4 cxd4 11.Nxd4 Nge5 12.f4 Nc6 13.Nxc6 bxc6 14.Nd2 Qc7 15.Rae1 a5
16.Rf3 Bh4 17.Rd1 Bf6 18.Bxf6 Nxf6 19.Rh3 g6 20.e5 Nh5 21.Ne4 dxe5 22.Rxh5 f5
23.Rg5 fxe4 24.Rxe5 Rxf4 25.Rxe4 Qb6+ 26.Kh1 Rf2  1-0

[Event "WYb18"]
[Site "Kemer TUR"]
[Date "2007.11.21"]
[Round "4"]
[White "Toufighi,H"]
[Black "Leon Hoyos,M"]
[Result "0-1"]
[WhiteElo "2385"]
[BlackElo "2495"]

1.e4 c5 2.Nf3 d6 3.Bb5+ Nc6 4.O-O Bd7 5.Re1 Nf6 6.c3 a6 7.Ba4 c4 8.Bc2 Bg4
9.b3 cxb3 10.Bxb3 e5 11.h3 Bh5 12.g4 Bg6 13.Nh4 Nd7 14.Nxg6 hxg6 15.Re3 Be7
16.Rf3 O-O 17.d3 Nf6 18.Bg5 Nh7 19.Bxe7 Qxe7 20.Nd2 Nd8 21.Nc4 Ne6 22.Nb6 Rae8
23.Nd5 Qh4 24.Rg3 Nhg5 25.Qf1 Kh7 26.Re1 f5 27.gxf5 gxf5 28.Bd1 Nf4 29.Ree3 g6
30.Kh2 Kg7 31.Qg1 Rh8 32.Nxf4 exf4 33.Rxg5 fxe3 34.Rxg6+ Kf8 35.Rg3 f4 36.Rf3 Rg8
37.Qf1 Ke7 38.fxe3 fxe3 39.Rxe3 Ref8 40.Rf3 Rxf3 41.Qxf3 Rf8 42.Qe3 Rf2+
43.Kg1 Rxa2 44.e5 Ra1 45.exd6+ Kd7 46.Qe2 Qg3+ 47.Kf1 Qxh3+ 48.Kg1 Qg3+ 49.Kf1 Kxd6
50.d4 Qf4+ 51.Ke1 Qh4+ 52.Kd2 Ra2+ 53.Bc2 Qf4+  0-1

[Event "WYb14"]
[Site "Kemer TUR"]
[Date "2007.11.21"]
[Round "4"]
[White "Wang Chen"]
[Black "Ter Sahakyan,S"]
[Result "1/2-1/2"]
[WhiteElo "2311"]
[BlackElo "2389"]

1.e4 c5 2.Nf3 d6 3.Bb5+ Bd7 4.Bxd7+ Qxd7 5.O-O Nc6 6.c3 Nf6 7.d4 Nxe4 8.d5 Ne5
9.Re1 Nf6 10.Nxe5 dxe5 11.Rxe5 g6 12.c4 Bg7 13.Nc3 O-O 14.Bg5 Rfe8 15.Qe2 h6
16.Bh4 g5 17.Bg3 Nh7 18.Re3 Bd4 19.Rd3 e5 20.dxe6 Qxe6 21.Qxe6 Rxe6 22.Kf1 Rae8
23.f3 Bxc3 24.Rxc3 Rd8 25.Rc2 Nf8 26.Re1 f6 27.Rxe6 Nxe6 28.Ke1 Kf7 29.Rd2 Ke7
30.Rxd8 Nxd8 31.Ke2 Nc6 32.Be1  1/2-1/2

[Event "20th Belgrade Trophy"]
[Site "Belgrade SRB"]
[Date "2007.11.22"]
[Round "1"]
[White "Savic,Draga"]
[Black "Zivanovic,B"]
[Result "1-0"]
[WhiteElo "2229"]
[BlackElo "1858"]

1.e4 c5 2.Nf3 d6 3.Bb5+ Bd7 4.Bxd7+ Qxd7 5.O-O Nc6 6.c3 Nf6 7.Re1 e6 8.d4 cxd4
9.cxd4 Be7 10.Nc3 O-O 11.h3 h6 12.Bf4 Rfd8 13.d5 Nb4 14.a3 Na6 15.dxe6 fxe6
16.e5 dxe5 17.Nxe5 Qc7 18.Qf3 Bd6 19.Nb5 Qc2 20.Nxd6 Rxd6 21.Qxb7 Rf8 22.Ng6 Rd7
23.Qxa6 Qxg6 24.Qxe6+ Kh8 25.Rad1 Rxd1 26.Rxd1 Qc2 27.Qd6 Re8 28.Qd2 Qg6
29.Be3 Qf7 30.Bd4 Rd8 31.Qe2 Qd5 32.Rd2 Qf5 33.Bxa7 Re8 34.Qd1 Ne4  1-0

[Event "20th Belgrade Trophy"]
[Site "Belgrade SRB"]
[Date "2007.11.22"]
[Round "1"]
[White "Mitric,N"]
[Black "Galic,I"]
[Result "0-1"]
[WhiteElo "1930"]
[BlackElo "2255"]

1.e4 c5 2.Nf3 d6 3.Bb5+ Bd7 4.Bxd7+ Qxd7 5.O-O Nc6 6.c3 Nf6 7.Re1 g6 8.d4 cxd4
9.Nxd4 Bg7 10.h3 O-O 11.Bg5 Rac8 12.Nd2 Ne5 13.Qe2 a6 14.a4 b5 15.axb5 axb5
16.Ra2 h6 17.Bf4 Nc4 18.Nc2 d5 19.e5 Ne8 20.Nxc4 bxc4 21.Qd2 Kh7 22.Ne3 e6
23.Rea1 Qe7 24.Ra7 Rc7 25.Qd4 g5 26.Bg3 Qc5 27.f4 Qxd4 28.cxd4 Rxa7 29.Rxa7 Nd6
30.Rd7 Ne4 31.Kh2 gxf4 32.Bxf4 Kg6 33.Rb7 h5 34.Nd1 f6 35.g3 fxe5 36.dxe5 h4
37.Re7 hxg3+ 38.Bxg3 Nxg3 39.Kxg3 Bxe5+ 40.Kg4 Rf4+  0-1

[Event "ch-UKR Final"]
[Site "Kharkov UKR"]
[Date "2007.11.22"]
[Round "6"]
[White "Vysochin,S"]
[Black "Gasanov,E"]
[Result "0-1"]
[WhiteElo "2524"]
[BlackElo "2503"]

1.e4 c5 2.Nf3 d6 3.Bb5+ Bd7 4.Bxd7+ Qxd7 5.O-O Nc6 6.c3 Nf6 7.Re1 e6 8.d4 cxd4
9.cxd4 d5 10.e5 Ne4 11.Nbd2 Nxd2 12.Bxd2 Be7 13.Rc1 O-O 14.a3 Rfc8 15.Rc3 Nd8
16.Rd3 Qb5 17.Bc3 Rc7 18.h4 h6 19.h5 Rac8 20.Ree3 Nc6 21.Nh2 Bg5 22.Rg3 Ne7
23.Nf3 f6 24.exf6 Bxf6 25.Nh2 Nf5 26.Rg6 Ne7 27.Rg4 Nf5 28.Rg6 Ne7 29.Ng4 Nxg6
30.Nxf6+ gxf6 31.Rg3 Rg7 32.hxg6 f5 33.Qh5 f4 34.Rg4 Qd3 35.f3 Rf8 36.Qxh6 Rf6
37.Rh4 Qxg6 38.Qh8+ Kf7 39.Rh2 Rg8 40.Qh4 Qg5 41.Qh7+ Rg7 42.Qh8 Rg8 43.Qh7+ Qg7
44.Qc2 Rh6 45.Rxh6 Qxh6 46.Bd2 Qf6 47.Qc7+ Kg6 48.Bc3 Rg7 49.Qb8 Kh7 50.Qd6 Qg6
51.g4 fxg3 52.Qe5 Qh6  0-1

[Event "Bundesliga 2007-8"]
[Site "Katernberg GER"]
[Date "2007.11.23"]
[Round "7"]
[White "Glek,I"]
[Black "Vachier Lagrave,M"]
[Result "0-1"]
[WhiteElo "2543"]
[BlackElo "2634"]

1.e4 c5 2.Nf3 d6 3.Bb5+ Nc6 4.O-O Bd7 5.Re1 Nf6 6.c3 a6 7.Bf1 Bg4 8.h3 Bxf3
9.Qxf3 g6 10.Qd1 Bh6 11.Na3 O-O 12.Nc2 e5 13.d4 Bxc1 14.Rxc1 cxd4 15.cxd4 Rc8
16.dxe5 dxe5 17.Qf3 Kg7 18.Bc4 Nd4 19.Nxd4 Qxd4 20.b3 b5 21.Bd5 Qd2 22.Qe3 Qxe3
23.fxe3 Rfd8 24.Bb7 Rb8 25.Bc6 Rd2 26.Rc5 Rxa2 27.Rxe5 Rc2 28.Bd5 Rd8 29.Ra1 Rd6
30.Rg5 Nd7 31.Ba8 Rdd2 32.e5 h6 33.Rg4 Nxe5 34.Rd4 Re2 35.Rxa6 Rxe3 36.Bd5 Re1+
37.Kh2 Ree2 38.Rb4 Nd3 39.Rd4 Ne5 40.Rb4 Rc5 41.Rd4 h5 42.b4 Rcc2 43.Rd1 Rb2
44.Ra7 Kh6 45.Rb7 Nc4 46.Rxb5 Ne3 47.Rg1 Rf2 48.Ba8 Nf1+ 49.Kh1 Rb3 50.Rxf1 Rxf1+
51.Kh2 h4  0-1

[Event "Bundesliga 2007-8"]
[Site "Katernberg GER"]
[Date "2007.11.24"]
[Round "3"]
[White "Moser,E"]
[Black "Senff,M"]
[Result "1/2-1/2"]
[WhiteElo "2412"]
[BlackElo "2474"]

1.e4 c5 2.Nf3 d6 3.Bb5+ Bd7 4.Bxd7+ Qxd7 5.O-O Nf6 6.e5 dxe5 7.Nxe5 Qc8 8.Qf3 g6
9.d4 cxd4 10.Qb3 e6 11.c3 Bg7 12.Qa3 Nbd7 13.cxd4 Nxe5 14.dxe5 Nd5 15.Re1 Qc7
16.Qa4+ Qd7 17.Qa3 b5 18.Nd2 b4 19.Qg3 Qc7 20.Nf3 h6 21.a3 Rb8 22.Bd2 bxa3  1/2-1/2

[Event "WYb14"]
[Site "Kemer TUR"]
[Date "2007.11.24"]
[Round "7"]
[White "Wang Chen"]
[Black "Lagarde,M"]
[Result "1/2-1/2"]
[WhiteElo "2311"]
[BlackElo "2256"]

1.e4 c5 2.Nf3 d6 3.Bb5+ Bd7 4.Bxd7+ Qxd7 5.O-O Nf6 6.e5 dxe5 7.Nxe5 Qc8 8.Qf3 e6
9.Nc3 Be7 10.d3 O-O 11.Bf4 Nfd7 12.Qg3 Kh8 13.Nb5 Nc6 14.Nc4 Nf6 15.Be3 Qd8
16.a4 Nd5 17.c3 f5 18.Bd2 a6 19.Nba3 Rb8 20.Rae1 b5 21.axb5 axb5 22.Ne5 Nxe5
23.Qxe5 Rb6 24.c4 Bf6 25.Qe2 bxc4 26.Ba5 Rxb2 27.Bxd8 Rxe2 28.Rxe2 cxd3 29.Rd2 Rxd8
30.Rxd3 Bd4 31.g3 e5 32.Nc2 Nf6 33.Kg2 Kg8 34.Re1 e4 35.Rd2 Nd5 36.Red1 Nc3
37.Rc1 Na2 38.Rb1 Nc3 39.Rb3 Nd5 40.Rb5 g6 41.Kf1 Bc3 42.Rd1 Bd4 43.Rb3 Ne7
44.Rc1 Nc6 45.Re1 Rd6 46.Na3 Ne5 47.Nb5 Rd5 48.Reb1 Nf3 49.Kg2 Bf6 50.Nc3 Rd8  1/2-1/2

[Event "WYb16"]
[Site "Kemer TUR"]
[Date "2007.11.24"]
[Round "7"]
[White "Gijsen,S"]
[Black "Mustafaev,J"]
[Result "0-1"]
[WhiteElo "2084"]
[BlackElo "2275"]

1.e4 c5 2.Nf3 d6 3.Bb5+ Nd7 4.d4 cxd4 5.Qxd4 e5 6.Qd3 Nf6 7.O-O h6 8.c4 a6
9.Bxd7+ Bxd7 10.Nc3 Be7 11.b3 O-O 12.Ba3 Qa5 13.Bc1 Rac8 14.Bd2 Qc7 15.Rac1 Qb8
16.a4 Be6 17.Be3 Nd7 18.Nd5 Bd8 19.Nd2 Nf6 20.h3 b6 21.f4 exf4 22.Bxf4 Bxd5
23.exd5 Qc7 24.Nf3 Nh5 25.Bh2 g6 26.Nd4 Bg5 27.Rce1 Rce8 28.Kh1 Qd7 29.Qf3 Bf6
30.Nc6 Rxe1 31.Rxe1 Bg5 32.g4 Ng7 33.Re4 f5 34.Re2 fxg4 35.Qxg4 Nf5 36.Nd4 Qg7
37.Ne6 Qa1+ 38.Qg1 Ng3+ 39.Bxg3 Rf1 40.Re1 Rxg1+ 41.Rxg1 Qc3 42.Kh2 Qxb3
43.Bxd6 Qxc4 44.Nxg5 Qxd5  0-1

[Event "ch-UKR Final"]
[Site "Kharkov UKR"]
[Date "2007.11.24"]
[Round "8"]
[White "Kovchan,A"]
[Black "Gasanov,E"]
[Result "1/2-1/2"]
[WhiteElo "2507"]
[BlackElo "2503"]

1.e4 c5 2.Nf3 d6 3.Bb5+ Nc6 4.O-O Bd7 5.Re1 Nf6 6.c3 a6 7.Bf1 Bg4 8.d3 e6
9.h3 Bh5 10.g4 Bg6 11.Nh4 Nd7 12.Nxg6 hxg6 13.f4 Be7 14.Nd2 Bh4 15.Re2 g5
16.f5 Nde5 17.Re3 O-O 18.Bg2 d5 19.exd5 exd5 20.Nf3 Nxf3+ 21.Qxf3 d4 22.Re4 Qd7
23.c4 Rae8 24.Qe2 Rxe4 25.Bxe4 Re8 26.Bd2 Ne5 27.Rc1 Re7 28.b3 Qe8 29.Qg2 Nd7
30.Kf1 b6 31.a4 a5 32.Rd1 Nf6 33.Bf3 Qb8 34.Kg1 Kh7 35.Rf1 Kh6 36.Bd1 Qe5
37.Qf3 Kh7  1/2-1/2

[Event "WYb16"]
[Site "Kemer TUR"]
[Date "2007.11.25"]
[Round "8"]
[White "Qu Yanqiao"]
[Black "Wickstrom,L"]
[Result "1/2-1/2"]
[WhiteElo "1953"]
[BlackElo "2115"]

1.e4 c5 2.Nf3 d6 3.Bb5+ Bd7 4.Bxd7+ Qxd7 5.c4 Nf6 6.Nc3 g6 7.d4 cxd4 8.Nxd4 Bg7
9.f3 O-O 10.Be3 Rc8 11.b3 Nc6 12.Nde2 Qd8 13.O-O a6 14.a4 Nd7 15.Rb1 Nb4
16.Nd5 Nxd5 17.Qxd5 Nc5 18.Rfd1 b5 19.axb5 axb5 20.b4 Na4 21.Qxb5 Nb2 22.Bb6 Qe8
23.Qxe8+ Rxe8 24.Rdc1 Rec8 25.Bf2 Rxc4 26.Rxc4 Nxc4 27.b5 Na3 28.Rb3 Nxb5
29.Be3 Na3 30.Rb7 Bf6 31.Bh6 Nc4 32.h3 e6 33.Rc7 d5 34.exd5 exd5 35.Rc5 Rd8
36.Rc6 Bg7 37.Bxg7 Kxg7 38.Rc5 Nb2 39.Rb5 Nc4 40.Rc5 Nb2 41.Rb5 Nd3 42.Nd4 Rd7
43.g3 Kf6 44.f4 Ke7 45.Kf1 Kd6 46.Ke2 Nc5 47.Rb6+ Ke7 48.Kf3 Ne6 49.Nc6+ Kf8
50.Ne5 Rc7 51.Rd6 d4 52.Nc6 d3 53.Ne5 Ke7 54.Rxd3 f6 55.Ng4 h5  1/2-1/2

[Event "20th Belgrade Trophy"]
[Site "Belgrade SRB"]
[Date "2007.11.26"]
[Round "5"]
[White "Starcevic,G"]
[Black "Stankovic,Milo"]
[Result "1/2-1/2"]
[WhiteElo "2241"]
[BlackElo "2109"]

1.e4 c5 2.Nf3 d6 3.Bb5+ Nd7 4.d4 Nf6 5.Nc3 cxd4 6.Qxd4 a6 7.Bxd7+ Bxd7 8.Bg5 e6
9.O-O-O Bc6 10.Rhe1 Be7 11.Kb1 Rc8 12.h3 Qc7 13.Rd2 b5 14.Qe3 O-O 15.e5 dxe5
16.Nxe5 b4 17.Nxc6 bxc3 18.Nxe7+ Qxe7 19.Rd4 cxb2 20.Qd2 Rc5 21.Rd1 h6 22.Bxf6 Qxf6
23.Rd8 Rc8 24.Rxf8+ Rxf8 25.f4 Rc8 26.g4 e5 27.Qd7 Rb8 28.Qc7 Re8 29.fxe5 Rxe5
30.Qd8+ Qxd8 31.Rxd8+ Kh7 32.Kxb2 h5 33.Rd4 hxg4 34.hxg4 f5 35.c4 g5 36.gxf5 Rxf5
37.Kc3 Kg6 38.Rd2 g4 39.Kd4 Kg5 40.c5 g3 41.c6 Rf2 42.Rd3 Kg4 43.c7 Rf8 44.Kd5 g2
45.Rd1 Kg3 46.Kc6 Rf1 47.Rd8 g1=Q 48.Rg8+ Kf4 49.Rxg1 Rxg1 50.Kb7 Rc1 51.c8=Q Rxc8
52.Kxc8 Ke5 53.Kb7 a5 54.a4 Kd6 55.Kb6 Kd7 56.Kxa5 Kc7  1/2-1/2